| 000 | 00949cam a2200277 a 4500 | ||
|---|---|---|---|
| 001 | 16799401 | ||
| 003 | CEME | ||
| 005 | 20210628201604.0 | ||
| 008 | 110526s2011 pk a 000 0 eng | ||
| 010 | _a 2011325356 | ||
| 020 | _a9789699532009 | ||
| 025 | _aP-E-2011325356; 04; 50 | ||
| 037 |
_bLibrary of Congress -- Islamabad Overseas Office _cRs 2500 |
||
| 040 |
_aDLC _beng _cDLC _dDLC |
||
| 042 |
_alcode _apcc |
||
| 043 | _aa-pk--- | ||
| 050 | 0 | 0 |
_aNA6010.7 _b.S33 2011 |
| 100 | 1 |
_aShāh, Ṣafdar ʻalī,Syed Javaid A Kazi _d1948- _955952 |
|
| 245 | 1 | 0 |
_aChurches of Pakistan / _c[text by] Safdar Ali Shah ; [photography] Syed Javaid A. Kazi. |
| 260 |
_aLahore : _bConstellation Plus, _c[2011?] |
||
| 300 |
_axiii, 123 p. : _bcol. ill. ; _c31 cm. |
||
| 650 | 0 |
_aChurch architecture _zPakistan _vPictorial works. _96455 |
|
| 650 | 0 |
_aChurches _zPakistan _vPictorial works. _96456 |
|
| 700 | 1 |
_aKazi, Syed Javaid A. _96457 |
|
| 942 |
_2ddc _cBK |
||
| 999 |
_c566541 _d566541 |
||